| 000 | 00682nam a2200229 a 4500 | ||
|---|---|---|---|
| 999 |
_c10942 _d10942 |
||
| 001 | 10942 | ||
| 003 | BD-JhCC | ||
| 005 | 20191212134008.0 | ||
| 008 | 190529b20182012bd ||||| a||| 00| 0 eng d | ||
| 020 | _a9789849221647 | ||
| 035 | _a(BD-JhCC)10942 | ||
| 040 |
_aBD-JhCC _dBD-JhCC |
||
| 041 | _aben | ||
| 082 |
_bKOB 2018 _a158 |
||
| 100 | _aকবীর, হুমায়ুন | ||
| 245 |
_aসাফল্যের সিঁড়ি / _cহুমায়ুন কবীর, |
||
| 260 |
_aঢাকা: _bমানবাধিকার প্রকাশন; _c2018. |
||
| 300 |
_a96 p. : _bill, : _c22 cm. |
||
| 650 | _aSuccess | ||
| 942 |
_2ddc _cBK _02 |
||